00341pab a2200121 454500008004000000100002900040245007900069260000900148300001300157650001600170700001600186773001700202180718b2017 xxu||||| |||| 00| 0 eng d aPriyadharshany, A. Jency aEmpowerment and organisational citizenship behaviour: a mediation analysis c2017 ap.77-91. aNationality aSujatha, S. aMan in India